LEADER 01266nam a2200265 i 4500 001 000000107335 003 CaOOAMICUS 005 20071003165831.0 008 071003s1978 it 000 u ita c 040 $aPUG$bita$dPUL$dLDB 100 1 $aFuchs, Joseph,$cS.I.$0(OLS)http://pul/name/23030 245 10$aResponsabilitą personale e norma morale :$banalisi e prospettive di ricerca /$cJosef Fuchs ; a cura di Salvatore Privitera. 260 $aBologna :$bEdizioni Dehoniane,$c1978. 300 $a218 p. ;$c22 cm 490 1 $aNuovi saggi teologici ;$v015 500 $aSul front. : Collana intercofessionale per la promozione della ricerca teologica. 650 14$aTeologia morale.$0(OLS)http://pul/subject/1500 700 1 $aPrivitera, Salvatore.$0(OLS)http://pul/name/5949 830 0$aNuovi saggi teologici ;$v015.$0(OLS)http://pul/title/131917 850 $aPUL 852 $aPUL$W1$xSL Religione 1$y3$m38 C 37$j121978$qStampati$B120966$CPULBib$Z2$F120966 $H44864 $82 941 1 $a8 983 0$aCollana Nuovi saggi teologici. 996 $6245$aResponsabilitą personale e norma morale :$banalisi e prospettive di ricerca$9(OLS)http://pul/title/135162 996 $6260$aBologna :$bEdizioni Dehoniane$9(OLS)http://pul/publisher/48070 LEADER 01222nam a2200265 u 4500 001 000000115905 003 CaOOAMICUS 005 20090528145334.0 008 090528s2009 it u000 u ita r 020 $z978-88-7402-472-8* 040 $aPUL$bita$dLDB 100 1 $aMirabella, Paolo.$0(OLS)http://pul/name/27394 245 12$aL'uomo e i suoi diritti :$buna riflessione etica a partire dalla Dichiarazione Universale dei Diritti dell'Uomo /$cPaolo Mirabella. 260 $aCantalupa (To) :$bEffatą,$cc2009. 300 $a156 p. ;$c21 cm 504 $aBibliografia: p. 151-156. 650 4$aDiritti umani.$0(OLS)http://pul/subject/3219 650 4$aEtica.$0(OLS)http://pul/subject/547 850 $aPUL 852 $aPUL$W1$xSL Diritto e Scienze Sociali 3$y79$m341. 4 MIRPA 1$j132795$qDDC 21$B131792$CPULBib$Z2$F131792 $H110276 $82 941 1 $a9 960 $aDiritti dell'uomo$93219 996 $6020$z978-88-7402-472-8*$9(OLS)http://pul/number/140902 996 $6245$aL'uomo e i suoi diritti :$buna riflessione etica a partire dalla Dichiarazione Universale dei Diritti dell'Uomo$9(OLS)http://pul/title/145644 996 $6260$aCantalupa (To) :$bEffatą$9(OLS)http://pul/publisher/68547